000 00230nam a2200097Ia 4500
005 20251222114403.0
008 251222s1900||||xx |||||||||||||| ||spa||
082 _aDVD0099/J73/2001
245 0 _aLos orĂ­genes de la vida:
942 _cDVD
999 _c1715
_d1715